Online
Catalog

Visión de dos amores / (Record no. 24187)

MARC details
000 -CABECERA
campo de control de longitud fija 00789nam a2200205 a 4500
001 - NÚMERO DE CONTROL
campo de control 000024694
005 - FECHA Y HORA DE LA ÚLTIMA TRANSACCIÓN
campo de control 20200930023320.0
008 - DATOS DE LONGITUD FIJA--INFORMACIÓN GENERAL
campo de control de longitud fija 110202s1988 pr a r 000 0 spa d
020 ## - NÚMERO INTERNACIONAL ESTÁNDAR DEL LIBRO
Número Internacional Estándar del Libro 0865814201
040 ## - FUENTE DE LA CATALOGACIÓN
Centro catalogador/agencia de origen DO-SdBNP
Lengua de catalogación spa
Centro/agencia transcriptor BNPHU
082 ## - NÚMERO DE LA CLASIFICACIÓN DECIMAL DEWEY
Número de clasificación xxxxx
Número de documento/Ítem D363v
049 ## - FONDOS LOCALES (OCLC)
Fondos de biblioteca BNGR
100 1# - ENTRADA PRINCIPAL--NOMBRE DE PERSONA
Nombre de persona Delpin, Eduardo Santiago
9 (RLIN) 50636
245 10 - MENCIÓN DE TÍTULO
Título Visión de dos amores /
Mención de responsabilidad, etc. Eduardo A. Santiago Delpin ; edición Henry Cobb Gorbea ; introducción Richard Cameron.
260 ## - PUBLICACIÓN, DISTRIBUCIÓN, ETC.
Lugar de publicación, distribución, etc. San Juan, Puerto Rico :
Nombre del editor, distribuidor, etc. Instituto de Cultura Puertorriqueña :
-- División de Publicaciones y Grabaciones,
Fecha de publicación, distribución, etc. 1988.
300 ## - DESCRIPCIÓN FÍSICA
Extensión 50 p. :
Otras características físicas il. , ;
Dimensiones 20 cm.
500 ## - NOTA GENERAL
Nota general Incluye referencia biográfica del autor en la contracubierta.
700 1# - PUNTO DE ACCESO ADICIONAL--NOMBRE DE PERSONA
Nombre de persona Cobb Gorbea, Henry,
Término indicativo de función/relación ed.
9 (RLIN) 18363
700 1# - PUNTO DE ACCESO ADICIONAL--NOMBRE DE PERSONA
Nombre de persona Cameron, Richard
9 (RLIN) 50637
Holdings
Estado de retiro Estado de pérdida Restricciones de uso No para préstamo Código de colección Localización permanente Ubicación/localización actual Ubicación en estantería Fecha de adquisición Número de inventario Total de préstamos Signatura topográfica completa Código de barras Fecha visto por última vez Precio válido a partir de Tipo de ítem Koha
        Monografías: Libros y Folletos General General En catalogación 02.02.2011 LF1   xxxxx D363v 24694-10 25.06.2020 25.06.2020 Préstamo en sala

Powered by Koha